000 00896nam a2200241 i 4500
001 C2-0236178
003 PPAK
005 20180727200043.0
008 011002s2001 my a|||| ||||| | may d
020 _a9836271457 ; 9789836271457
040 _aPPAK
_beng
_cPPAK
_erda
082 0 4 _a923.1595121
_223
090 0 0 _a923.1595121
_bMOH
_dR
100 0 _aMohamed Zain Saleh,
_eauthor
245 1 0 _aKe Bawah Duli Yang Maha Mulia Sultan Ismail Petra :
_bsultan dan Yang Dipertuan Negeri Kelantan Darul Naim
264 1 _aKuala Lumpur :
_bDewan Bahasa dan Pustaka ,
_c2001
300 _a156 pages :
_bcolour illustrations ;
_c30 cm
336 _2rdacontent
_atext
337 _2rdamedia
_aunmediated
338 _2rdacarrier
_avolume
650 1 0 _aIsmail Petra Ibni Almarhum Sultan Yahya Petra, Sultan. ; Kelantan - Kings and rulers - Biography. ; Kelantan - Sultans - Biography.
942 _ddc
_cB
999 _c52047
_d52047